Dangerous cities in the world - Statistics

General Stats
  • This quiz has been taken 24 times
    17 since last reset
  • The average score is 15 of 52
Answer Stats
Country City % Correct
Afghanistan Kabul
80%
Iraq Baghdad
73%
Lebanon Beirut
67%
Yemen Sanaá
67%
Palestine Gaza
60%
Somalia Mogadishu
60%
South Africa Cape Town
53%
Usa Chicago
53%
North Korea Pyongyang
53%
Brazil Rio de janeiro
53%
Israel Tel Aviv
53%
Haiti Port-Au-Prince
47%
Yemen Aden
40%
India Delhi
40%
Drc Kinshasa
40%
Libya Tripoli
40%
Bangladesh Dhaka
33%
Israel Jerusalem
33%
Sudan Khartoum
33%
Mexico Tijuana
33%
Myanmar Yangon
33%
Eritrea Asmara
27%
South africa Durban
27%
Afghanistan Kandahar
27%
Burkina Faso Ouagadougou
27%
Papua New guinea Port Moresby
27%
South africa Pretoria
27%
Usa St. Louis
27%
Iran Tehran
27%
C.A.R Bangui
20%
Venezuela Caracas
20%
South Sudan Juba
20%
Usa Memphis
20%
Iraq Mosul
20%
Honduras Tegucigalpa
20%
South Africa Bloemfontein
13%
Mozambique Maputo
13%
Argentina Rosario
13%
Mali Timbuktu
13%
Mexico Acapulco
7%
Solomon islands Honiara
7%
Nicaragua Managua
7%
South africa Pietermaritzburg
7%
Yemen Al Hudaydah
0%
Mexico Celaya
0%
China Chongqing
0%
Brazil Feira de santana
0%
Australia Gold Coast
0%
Guinea Kankan
0%
Ukraine Lysychansk
0%
Mali Mopti
0%
Usa Stockton
0%
No matching quizzes found
Score Distribution
Percent of People with Each Score
Percentile by Number Answered
Your Score History
You have not taken this quiz since the last reset